Organic chemistry / (Record no. 2314)

MARC details
000 -LEADER
fixed length control field 00706cam a22002292 4500
001 - CONTROL NUMBER
control field 0000003932
005 - DATE AND TIME OF LATEST TRANSACTION
control field 20151217145745.0
008 - FIXED-LENGTH DATA ELEMENTS--GENERAL INFORMATION
fixed length control field 070517s xx 000 0 eng d
020 ## - INTERNATIONAL STANDARD BOOK NUMBER
International Standard Book Number 0198503474 :
Terms of availability KES 3,283
020 ## - INTERNATIONAL STANDARD BOOK NUMBER
International Standard Book Number 0198503466 (pbk.)
040 ## - CATALOGING SOURCE
Original cataloging agency KABU
Transcribing agency KABU
050 #0 - LIBRARY OF CONGRESS CALL NUMBER
Classification number QD251.2
Item number .O74
245 10 - TITLE STATEMENT
Title Organic chemistry /
Statement of responsibility, etc. Jonathan Clayden ... [et al.]
260 ## - PUBLICATION, DISTRIBUTION, ETC. (IMPRINT)
Place of publication, distribution, etc. Oxford ;
-- New York :
Name of publisher, distributor, etc. Oxford University Press,
Date of publication, distribution, etc. 2001.
300 ## - PHYSICAL DESCRIPTION
Extent 1512 p. :
Other physical details ill. (some col.) ;
Dimensions 28 cm.
500 ## - GENERAL NOTE
General note Includes index.
650 #0 - SUBJECT ADDED ENTRY--TOPICAL TERM
Topical term or geographic name as entry element Chemistry, Organic.
-- 0000154158
700 1# - ADDED ENTRY--PERSONAL NAME
Personal name Clayden, Jonathan.
-- 0000154186
908 ## - PUT COMMAND PARAMETER (RLIN)
Put command parameter 070517
950 ## - LOCAL HOLDINGS (RLIN)
-- 1
Holdings
Withdrawn status Lost status Source of classification or shelving scheme Not for loan Home library Current library Date acquired Total Checkouts Full call number Barcode Date last seen Date last checked out Price effective from Koha item type Total Renewals
    Library of Congress Classification   Kabarak, Main Campus Kabarak, Main Campus 17/12/2015 5 QD251.2 .O74 006212 23/01/2023 15/09/2022 17/12/2015 General Collection  
    Library of Congress Classification   Kabarak, Main Campus Kabarak, Main Campus 17/12/2015 4 QD251.2 .O74 006213 02/02/2024 04/01/2024 17/12/2015 General Collection 1
Designed with assistance from East African Informatics Ltd